Na pozitívnych výsledkoch zahraničného obchodu SR sa najviac podpísal nástup konjunktúry Zahraničný obchod

Z obsahu dvojstrany: Oživenie na Západe podnietilo rast slovenského vývozu. Dovoz vzrástol aj napriek antiimportným opatreniam. Slovenské firmy sa musia aktívnejšie prebíjať na ruský trh.

Gespeichert in:
Bibliographische Detailangaben
1. Verfasser: Prosnan, Jozef
Weitere Verfasser: Schlesingerová, K.
Format: Buchkapitel
Sprache:Slowakisch
Schlagworte:
Tags: Tag hinzufügen
Keine Tags, Fügen Sie das erste Tag hinzu!

MARC

LEADER 00000naa a2200000 4500
001 r018337
005 20221213100937.6
041 0 |a slo 
044 |a SK 
245 1 0 |a Na pozitívnych výsledkoch zahraničného obchodu SR sa najviac podpísal nástup konjunktúry  |b Zahraničný obchod  |c J. Prosnan, K. Schlesingerová 
520 |a Z obsahu dvojstrany: Oživenie na Západe podnietilo rast slovenského vývozu. Dovoz vzrástol aj napriek antiimportným opatreniam. Slovenské firmy sa musia aktívnejšie prebíjať na ruský trh. 
610 2 0 |a obchod zahraničný 
610 2 0 |a vývoz 
610 2 0 |a dovoz 
610 2 0 |a Slovensko 
100 1 |a Prosnan, Jozef 
700 1 |a Schlesingerová, K.